00470cam a22001457a 4500008004000000020001500040082001300055245013200068260002900200300001000229650001800239650002700257700001800284700002200302180718b1995 xxu||||| |||| 00| 0 eng d a1856288943 aT19 H432 aThe Asian pacific rim and globalization: enterprise, government and territorialitycedited by Richard Le Heron and Sam Ock Park aAldershotbAveburyc1995 a188p. aGlobalization aAsia - Economic policy aPark, Sam Ock aHeron, Richard Le